000 00287nam a22001337a 4500
008 181031b xxu||||| |||| 00| 0 eng d
020 _a9780495794523
041 _aeng
080 _a710
100 _a44
101 _aaRT
245 _aArt Through Ages
_cFred .K
942 _2udc
_cBK
999 _c51344
_d51344